000 00972nam a22002417a 4500
999 _c8616
_d8616
003 AR-CdUCM
008 190325b ||||| |||| 00| 0 spa d
020 _a9786124716508
040 _aMUNICIPALIDAD PROVINCIAL DEL CUSCO
_cBIBLIOTECA MUNICIPAL DEL CUSCO
082 _a370.7 /
_bSA22
100 _aSánchez, Luis Alberto
_9401
245 _aEducación para una vida mejor /
260 _aLima :
_bBiblioteca Abraham Valdelomar :
_b[Litho & Arte],
_c2016.
300 _a176 páginas ;
_c20 cm.
505 _aContenido: Civilización y cultura -- La educación en México -- La universidad en América Latina -- La libertad de la cultura en América Latina ...
650 _aEducación - Ensayos, conferencias
_924106
650 _aUniversidades - América Latina - Ensayos
_924107
650 _aEducación - Perú
_91559
650 _aCultura - América Latina
_924108
710 _aBiblioteca Abraham Valdeloma
_924109
942 _2ddc
_cLIBROS
945 _alccs